Ettore Sottsass and the poetry of things / (Record no. 354133)
[ view plain ]
| 000 -LEADER | |
|---|---|
| fixed length control field | 01052cam a2200349 i 4500 |
| 001 - CONTROL NUMBER | |
| control field | 11584068 |
| 003 - CONTROL NUMBER IDENTIFIER | |
| control field | OSt |
| 005 - DATE AND TIME OF LATEST TRANSACTION | |
| control field | 20180116192431.0 |
| 008 - FIXED-LENGTH DATA ELEMENTS--GENERAL INFORMATION | |
| fixed length control field | 150831s2015 enka b 001 0beng d |
| 020 ## - INTERNATIONAL STANDARD BOOK NUMBER | |
| International Standard Book Number | 0714869538 |
| 020 ## - INTERNATIONAL STANDARD BOOK NUMBER | |
| International Standard Book Number | 9780714869537 |
| 024 ## - OTHER STANDARD IDENTIFIER | |
| Standard number or code | 40025235721 |
| 035 ## - SYSTEM CONTROL NUMBER | |
| System control number | (OCoLC)ocn905521915 |
| 035 ## - SYSTEM CONTROL NUMBER | |
| System control number | (OCoLC)905521915 |
| 035 ## - SYSTEM CONTROL NUMBER | |
| System control number | (NNC)11584068 |
| 040 ## - CATALOGING SOURCE | |
| Original cataloging agency | NhCcYBP |
| Language of cataloging | eng |
| Description conventions | rda |
| Transcribing agency | NhCcYBP |
| Modifying agency | NNC |
| 043 ## - GEOGRAPHIC AREA CODE | |
| Geographic area code | e-it--- |
| 050 #4 - LIBRARY OF CONGRESS CALL NUMBER | |
| Classification number | NK1535.S58 |
| Item number | S83 2015 |
| 082 04 - DEWEY DECIMAL CLASSIFICATION NUMBER | |
| Classification number | 745.4092 |
| Edition number | 23 |
| 100 1# - MAIN ENTRY--PERSONAL NAME | |
| Personal name | Sudjic, Deyan, |
| Relator term | author. |
| 9 (RLIN) | 8327 |
| 245 10 - TITLE STATEMENT | |
| Title | Ettore Sottsass and the poetry of things / |
| Statement of responsibility, etc. | Deyan Sudjic. |
| 260 ## - PUBLICATION, DISTRIBUTION, ETC. | |
| Place of publication, distribution, etc. | London: |
| Name of publisher, distributor, etc. | Phaidon; |
| Date of publication, distribution, etc. | 2015. |
| 300 ## - PHYSICAL DESCRIPTION | |
| Extent | 207 pages : |
| Other physical details | illustrations ; |
| Dimensions | 25 cm |
| 504 ## - BIBLIOGRAPHY, ETC. NOTE | |
| Bibliography, etc. note | Includes bibliographical references and index. |
| 600 10 - SUBJECT ADDED ENTRY--PERSONAL NAME | |
| Personal name | Sottsass, Ettore, |
| Dates associated with a name | 1917-2007. |
| 9 (RLIN) | 8325 |
| 610 20 - SUBJECT ADDED ENTRY--CORPORATE NAME | |
| Corporate name or jurisdiction name as entry element | Memphis (Group) |
| 9 (RLIN) | 8326 |
| 650 #0 - SUBJECT ADDED ENTRY--TOPICAL TERM | |
| Topical term or geographic name entry element | Designers |
| Geographic subdivision | Italy |
| Form subdivision | Biography. |
| 9 (RLIN) | 8328 |
| 650 #0 - SUBJECT ADDED ENTRY--TOPICAL TERM | |
| Topical term or geographic name entry element | Design |
| General subdivision | History |
| Chronological subdivision | 20th century. |
| 9 (RLIN) | 8329 |
| 942 ## - ADDED ENTRY ELEMENTS (KOHA) | |
| Source of classification or shelving scheme | |
| Koha item type | Book |
| 948 1# - LOCAL PROCESSING INFORMATION (OCLC); SERIES PART DESIGNATOR (RLIN) | |
| Series part designator, SPT (RLIN) | 20151012 |
| b (OCLC) | c |
| c (OCLC) | pg2032 |
| d (OCLC) | MPS |
| Withdrawn status | Lost status | Source of classification or shelving scheme | Damaged status | Not for loan | Permanent Location | Current Location | Date acquired | Total Checkouts | Full call number | Barcode | Date last seen | Cost, replacement price | Price effective from | Koha item type |
|---|---|---|---|---|---|---|---|---|---|---|---|---|---|---|
| School of Art Design and Architecture (SADA) | School of Art Design and Architecture (SADA) | 03/31/2016 | 745.4092 SUD 2015 | SADA0002527 | 01/05/2017 | 2411.61 | 01/05/2017 | Book |
